00952nam a2200241 a 450000100100000000500170001000800410002704000250006808200180009310000330011124501510014425000360029530000280033153400680035965000340042765000340046165000510049570000430054670000300058973000650061904900090068499900170069300002288420250701132841.0101122s1980 mx r 000 | spa d aDO-SdBNPbspacBNPHU a338.91bS819n1 aSteinberg, Eleanor B.94703310aNuevos medios de financiar las necesidades internacionales /cEleanor B. Steinberg , Gerard M. Brannon ; traducción de Carlos Villegas García. aMéxico D. F. :bNoema ;c1980 a211 p. :bil. ;c21 cm. aTítulo original :tNew means of financing international needs 4aCrecimiento económico98530 0aDesarrollo económico985548 0a Relaciones económicas internacionales910671 aVillegas García , Carlosetr.9470341 aBrannon, Gerard M.9470351 aNew means of financing international needslespañol947036 aBNGR c22381d22381